| 000 | 00710nam a2200229Ia 4500 | ||
|---|---|---|---|
| 005 | 20221118152500.0 | ||
| 008 | 210716s1987 xx 000 0 und d | ||
| 020 | _a812030437 | ||
| 040 | _cAIMIT LIBRARY | ||
| 041 | _aeng | ||
| 082 |
_a621.392 _23 _bRAJV |
||
| 100 |
_aRajaraman, V . _962711 |
||
| 245 |
_aIntroduction to digital computer design / _cBy V Rajaraman and T Radhakrishnan. |
||
| 250 | _a3rd. | ||
| 260 |
_aNew Delhi : _bPHI Learning Pvt Ltd , _c1987. |
||
| 300 |
_av,548p. ; _c21.5 cm. |
||
| 650 |
_aData representation _962712 |
||
| 650 |
_aArithmetic operations _962713 |
||
| 650 |
_aMicroprogramming _962714 |
||
| 700 |
_aRadhakrishnan, T. _962715 |
||
| 942 |
_2ddc _cBK _e3rd _k621.392 RAJV |
||
| 999 |
_c180544 _d180544 |
||